Empty dwelling management orders: consultation on secondary legislation (Record no. 104500)

MARC details
000 -LEADER
fixed length control field 01581cam a2200217 4500
001 - CONTROL NUMBER
control field L130643
008 - FIXED-LENGTH DATA ELEMENTS--GENERAL INFORMATION
fixed length control field 050822n2005 000 0 eng u
035 ## - SYSTEM CONTROL NUMBER
System control number (Sirsi) u130643
041 ## - LANGUAGE CODE
Language code of text/sound track or separate title eng
110 ## - MAIN ENTRY--CORPORATE NAME
Corporate name or jurisdiction name as entry element Office of the Deputy Prime Minister
9 (RLIN) 4685
245 ## - TITLE STATEMENT
Title Empty dwelling management orders: consultation on secondary legislation
260 ## - PUBLICATION, DISTRIBUTION, ETC.
Place of publication, distribution, etc. London
Name of publisher, distributor, etc. ODPM
Date of publication, distribution, etc. 2005
300 ## - PHYSICAL DESCRIPTION
Extent 51p
490 ## - SERIES STATEMENT
Series statement ODPM Consultation Paper
520 ## - SUMMARY, ETC.
Summary, etc. This consultation paper on the operation of empty dwelling management orders (EDMOs) sets out how the primary legislation is intended to operate and how secondary legislation is to be implemented. EDMOs will enable local authorities to take over temporary management of longer term unoccupied houses and flats so that they can be let out to tenants. Properties will revert to their owners on an agreed date (or sooner if the owner requires) provided that due notice is given and arrangements to repay any reasonable costs incurred by councils are settled. EDMOs are included in the provisions of the Housing Act 2004 and are designed to operate as a back up to existing local authority services such as leasing arrangements. New powers are expected to come into force by the end of 2005. Responses are required by 14 October 2005.
590 ## - LOCAL NOTE (RLIN)
Local note IKA300805
650 ## - SUBJECT ADDED ENTRY--TOPICAL TERM
Topical term or geographic name entry element HOUSING ACT 2004
690 ## - LOCAL SUBJECT ADDED ENTRY--TOPICAL TERM (OCLC, RLIN)
Topical term or geographic name as entry element PROPERTY-PROPERTY MANAGEMENT-REGENERATION
856 ## - ELECTRONIC LOCATION AND ACCESS
Uniform Resource Identifier <a href="https://www.communities.gov.uk/archived/publications/housing/emptydwellingmanagement2?view=Standard">https://www.communities.gov.uk/archived/publications/housing/emptydwellingmanagement2?view=Standard</a>
Public note View the consultation free of charge at www.dclg.gov.uk...
942 ## - ADDED ENTRY ELEMENTS (KOHA)
Suppress in OPAC 0
Holdings
Withdrawn status Lost status Source of classification or shelving scheme Damaged status Not for loan Home library Current library Shelving location Date acquired Total Checkouts Full call number Barcode Date last seen Copy number Price effective from Koha item type
    Dewey Decimal Classification     Virtual Virtual Online 22/08/2005   ONLINE PUBLICATION 130643-2001 06/08/2019 1 06/08/2019 Book